Influence of carbon blacks structure and specific surface area on the dielectric and microwave properties of filled rubber composites (Record no. 61192)

MARC details
000 -LEADER
fixed length control field 00493nam a2200145Ia 4500
100 ## - MAIN ENTRY--AUTHOR NAME
Personal name Al-Hartomy O A
245 #0 - TITLE STATEMENT
Title Influence of carbon blacks structure and specific surface area on the dielectric and microwave properties of filled rubber composites
260 ## - PUBLICATION, DISTRIBUTION, ETC. (IMPRINT)
Name of publisher Kautschuk Gummi Kunststoffe
Year of publication 2011
300 ## - PHYSICAL DESCRIPTION
Number of Pages 33-39
650 ## - SUBJECT ADDED ENTRY--TOPICAL TERM
Topical Term Dielectric properties
650 ## - SUBJECT ADDED ENTRY--TOPICAL TERM
Topical Term Microwave properties
650 ## - SUBJECT ADDED ENTRY--TOPICAL TERM
Topical Term Natural rubber
942 ## - ADDED ENTRY ELEMENTS (KOHA)
Koha item type Journals
Holdings
Withdrawn status Lost status Damaged status Not for loan Home library Current library Shelving location Date acquired Serial Enumeration / chronology Koha item type
      Journals RRII Library RRII Library Rubber technology 30/09/2011 Volume 64, Issue 9 Journals